[Event "AUS-ch Reserves"]
[Site "Geelong"]
[Date "2012.01.04"]
[Round "8"]
[White "Puccini, Jack"]
[Black "Jack, Martin"]
[Result "1-0"]
[WhiteElo "1732"]
[BlackElo "1773"]
[PlyCount "89"]
[EventDate "2011.12.27"]
[EventType "swiss"]
[EventRounds "11"]
[EventCountry "AUS"]
[SourceTitle "EXT 2023"]
[Source "ChessBase"]
[SourceDate "2022.10.05"]
[SourceVersion "1"]
[SourceVersionDate "2022.10.05"]
[SourceQuality "1"]

1. e4 c5 2. Nc3 d6 3. f4 Nf6 4. Nf3 a6 5. a3 Nc6 6. d3 b5 7. Be2 e6 8. 0-0 Bb7 9. Qe1 Qc7 10. Nd1 g6 11. Qh4 Bg7 12. Nf2 b4 13. Rb1 0-0-0 14. axb4 Nxb4 15. c3 Nc6 16. b4 cxb4 17. cxb4 Kd7 18. f5 Rb8 19. Bg5 Ne8 20. b5 axb5 21. Rxb5 h6 22. Be3 Ba6 23. Rxb8 Qxb8 24. Qg4 exf5 25. exf5 Nf6 26. Qa4 Qb5 27. Qa2 Nd8 28. Rb1 Qxf5 29. Qxa6 Nd5 30. Nd4 Qe5 31. Ng4 Qe8 32. Qb5+ Ke7 33. Qxd5 Qd7 34. Re1 h5 35. Bg5+ Kf8 36. Bxd8 Qxd8 37. Rf1 Bxd4+ 38. Qxd4 Rh7 39. Nf6 Rg7 40. Ne4 d5 41. Nf6 Qe7 42. Rc1 Qd8 43. Qc5+ Qe7 44. Qc8+ Qd8 45. Qxd8# 1-0

[Event "AUS-ch Reserves"]
[Site "Geelong"]
[Date "2012.01.02"]
[Round "6"]
[White "Dowling, John G"]
[Black "Jack, Martin"]
[Result "1-0"]
[WhiteElo "2042"]
[BlackElo "1773"]
[PlyCount "109"]
[EventDate "2011.12.27"]
[EventType "swiss"]
[EventRounds "11"]
[EventCountry "AUS"]
[SourceTitle "EXT 2023"]
[Source "ChessBase"]
[SourceDate "2022.10.05"]
[SourceVersion "1"]
[SourceVersionDate "2022.10.05"]
[SourceQuality "1"]

1. d4 d5 2. Bf4 c6 3. e3 Nf6 4. c4 e6 5. Nc3 Nbd7 6. Nf3 Bb4 7. Qc2 Qa5 8. Rc1 dxc4 9. Bxc4 Nd5 10. Bg3 N7f6 11. 0-0 Ng4 12. e4 Nb6 13. Bd3 Nd7 14. Rfe1 0-0 15. h3 Nh6 16. Bf4 c5 17. Bxh6 gxh6 18. a3 Bxc3 19. Qxc3 Qxc3 20. Rxc3 cxd4 21. Nxd4 Ne5 22. Bb1 Rd8 23. Nb3 Bd7 24. f4 Ng6 25. g3 Rac8 26. Rxc8 Rxc8 27. Rc1 Rxc1+ 28. Nxc1 Kf8 29. Kf2 Ke7 30. Ke3 Kd6 31. e5+ Kc5 32. Nb3+ Kc4 33. Na5+ Kb5 34. Nxb7 Kc4 35. Ba2+ Kb5 36. Nd6+ Kc6 37. Nxf7 h5 38. Nd8+ Kc7 39. Nxe6+ Bxe6 40. Bxe6 h4 41. gxh4 Nxh4 42. f5 Ng2+ 43. Ke4 Kd8 44. f6 a5 45. Bf5 Ke8 46. Bxh7 Kf7 47. Bf5 Ne1 48. h4 Nc2 49. h5 Na1 50. h6 a4 51. h7 Nb3 52. h8Q Nc5+ 53. Kd5 Ne4 54. Qg7+ Ke8 55. Qe7# 1-0

[Event "AUS-ch U14"]
[Site "Mooroolbark"]
[Date "2011.01.20"]
[Round "4"]
[White "Ruan, Max"]
[Black "Jack, Martin"]
[Result "1-0"]
[WhiteElo "910"]
[BlackElo "1408"]
[PlyCount "69"]
[EventDate "2011.01.19"]
[EventType "swiss"]
[EventRounds "9"]
[EventCountry "AUS"]
[SourceTitle "EXT 2013"]
[Source "ChessBase"]
[SourceDate "2012.11.22"]
[SourceVersion "1"]
[SourceVersionDate "2012.11.22"]
[SourceQuality "1"]

1. d4 d5 2. Nc3 c6 3. e4 e6 4. Nf3 h6 5. Bf4 Bb4 6. exd5 exd5 7. Bd3 Nf6 8. 0-0 Be6 9. Ne2 Bd6 10. Bxd6 Qxd6 11. Ng3 Nbd7 12. Nf5 Bxf5 13. Bxf5 0-0-0 14. Ne5 Rhf8 15. Nxd7 Nxd7 16. Qg4 g6 17. Bxd7+ Rxd7 18. c3 f5 19. Qf3 h5 20. Rae1 Qf6 21. Re5 Re7 22. Rfe1 Rfe8 23. Qf4 g5 24. Rxe7 gxf4 25. Rxe8+ Kc7 26. a4 a5 27. R8e7+ Kb6 28. Rh7 c5 29. dxc5+ Kxc5 30. Rxb7 Qg5 31. Rb5+ Kc4 32. f3 h4 33. h3 Qf6 34. Rd1 Qe6 35. Rd4# 1-0

[Event "AUS-ch U14"]
[Site "Mooroolbark"]
[Date "2011.01.19"]
[Round "1"]
[White "Jack, Martin"]
[Black "Schroder, Nicolaas"]
[Result "1-0"]
[WhiteElo "1408"]
[BlackElo "650"]
[PlyCount "134"]
[EventDate "2011.01.19"]
[EventType "swiss"]
[EventRounds "9"]
[EventCountry "AUS"]
[SourceTitle "EXT 2013"]
[Source "ChessBase"]
[SourceDate "2012.11.22"]
[SourceVersion "1"]
[SourceVersionDate "2012.11.22"]
[SourceQuality "1"]

1. e4 c6 2. d4 d5 3. exd5 cxd5 4. Nf3 e6 5. Bf4 Bd6 6. Bxd6 Qxd6 7. c3 Nf6 8. Nbd2 0-0 9. Nb3 Re8 10. Bd3 Nbd7 11. Bb5 a6 12. Bxd7 Nxd7 13. 0-0 Nf6 14. h3 Bd7 15. Ne5 Ba4 16. Qc1 b6 17. Nd2 Rac8 18. Ndf3 h6 19. g4 Ne4 20. Nd2 Ng5 21. Kg2 Bb5 22. Re1 f6 23. Nef3 Nxf3 24. Nxf3 Bd3 25. Ng1 Re7 26. Qd2 Bh7 27. Qe2 b5 28. a4 Qb6 29. axb5 axb5 30. Qd2 Rce8 31. Ne2 Qc6 32. f3 Qc4 33. Nf4 e5 34. dxe5 Rxe5 35. Rxe5 Rxe5 36. Re1 Rxe1 37. Qxe1 Kf8 38. Ne6+ Kf7 39. Nd8+ Kf8 40. Ne6+ Kf7 41. Kg3 Qc8 42. Nd4 Qc7+ 43. Kg2 Qc4 44. Qe6+ Kf8 45. Nc6 Bd3 46. Qd6+ Kg8 47. Qd8+ Kh7 48. Ne7 d4 49. Qxd4 Bf1+ 50. Kg1 Qe2 51. Qf2 Qxf2+ 52. Kxf2 Bxh3 53. Nf5 h5 54. Nd4 b4 55. cxb4 hxg4 56. fxg4 Bxg4 57. b5 g5 58. b6 Bc8 59. Nb5 Kg6 60. Nd6 Ba6 61. b4 f5 62. b5 Bb7 63. Nxb7 f4 64. Nc5 g4 65. b7 g3+ 66. Kf3 Kg5 67. b8Q g2 1-0

[Event "AUS-ch Minor"]
[Site "Cammeray"]
[Date "2011.01.12"]
[Round "10"]
[White "Jack, Martin"]
[Black "Stokes, Mark"]
[Result "1/2-1/2"]
[WhiteElo "1408"]
[BlackElo "1532"]
[PlyCount "135"]
[EventDate "2011.01.02"]
[EventType "swiss"]
[EventRounds "11"]
[EventCountry "AUS"]
[SourceTitle "EXT 2012"]
[Source "ChessBase"]
[SourceDate "2011.11.24"]
[SourceVersion "1"]
[SourceVersionDate "2011.11.24"]
[SourceQuality "1"]

1. e4 c5 2. Nf3 Nc6 3. d4 cxd4 4. Nxd4 e5 5. Nb5 a6 6. Nd6+ Bxd6 7. Qxd6 Qf6 8. Qxf6 Nxf6 9. Bd3 d5 10. exd5 Nb4 11. Nc3 Nxd3+ 12. cxd3 Bf5 13. Ke2 0-0-0 14. Bg5 Rd6 15. Bxf6 gxf6 16. f3 b5 17. Rac1 Kb7 18. Ne4 Rxd5 19. Nxf6 Rxd3 20. Rhd1 Rhd8 21. Rxd3 Bxd3+ 22. Ke3 Bg6 23. Ng4 Rd5 24. h3 f5 25. Nf2 Rd4 26. Rc5 f4+ 27. Ke2 Ra4 28. a3 b4 29. axb4 Rxb4 30. Nd1 e4 31. fxe4 Bxe4 32. Kf2 Kb6 33. Rc1 Rd4 34. Nc3 Bc6 35. Rc2 Bd7 36. Ne2 Rb4 37. Nc1 Bf5 38. Rd2 Rc4 39. Ne2 Kc5 40. Kf3 Be4+ 41. Kf2 Bc6 42. Rd1 Kb4 43. Rc1 Bd5 44. Rxc4+ Bxc4 45. Nc1 Bd5 46. Nd3+ Kc4 47. Nxf4 Be4 48. Ke3 Bb1 49. g4 Kb3 50. Nd3 a5 51. g5 Bxd3 52. Kxd3 a4 53. h4 Kxb2 54. h5 a3 55. g6 hxg6 56. hxg6 a2 57. g7 a1Q 58. g8Q Qd1+ 59. Ke3 Qe1+ 60. Kf4 Qf2+ 61. Ke5 Qe3+ 62. Kf6 Qf4+ 63. Ke7 Qe5+ 64. Qe6 Qc5+ 65. Qd6 Qe3+ 66. Qe6 Qa7+ 67. Kf6 Qf2+ 68. Qf5 1/2-1/2

[Event "AUS-ch Minor"]
[Site "Cammeray"]
[Date "2011.01.10"]
[Round "8"]
[White "Jack, Martin"]
[Black "Patterson, Mark"]
[Result "1-0"]
[WhiteElo "1408"]
[BlackElo "1352"]
[PlyCount "68"]
[EventDate "2011.01.02"]
[EventType "swiss"]
[EventRounds "11"]
[EventCountry "AUS"]
[SourceTitle "EXT 2012"]
[Source "ChessBase"]
[SourceDate "2011.11.24"]
[SourceVersion "1"]
[SourceVersionDate "2011.11.24"]
[SourceQuality "1"]

1. e4 d5 2. exd5 Qxd5 3. d4 Nf6 4. Nc3 Qd6 5. Nb5 Qd8 6. c4 a6 7. Nc3 e6 8. a3 b6 9. h3 Bb7 10. Be3 Be7 11. Nf3 0-0 12. Be2 Qc8 13. b4 Nbd7 14. 0-0 Rd8 15. Qc1 c5 16. dxc5 bxc5 17. b5 a5 18. a4 Nb6 19. Nb1 Ne8 20. Nbd2 Nd6 21. Nb3 Nf5 22. Bd2 Bf6 23. Ra2 Bxf3 24. Bxf3 Bd4 25. Bxa8 Qxa8 26. Nxd4 cxd4 27. c5 Nh4 28. f3 Nd5 29. Bg5 Nf5 30. Bxd8 Qxd8 31. c6 Ng3 32. Rff2 h6 33. Rac2 Qh4 34. c7 Nf4 1-0

[Event "Doeberl Cup Minor 48th"]
[Site "Canberra"]
[Date "2010.04.04"]
[Round "5"]
[White "Mason, Stuart"]
[Black "Jack, Martin"]
[Result "0-1"]
[WhiteElo "1271"]
[BlackElo "1429"]
[PlyCount "152"]
[EventDate "2010.04.02"]
[EventType "swiss"]
[EventRounds "7"]
[EventCountry "AUS"]
[SourceTitle "EXT 2012"]
[Source "ChessBase"]
[SourceDate "2011.11.24"]
[SourceVersion "1"]
[SourceVersionDate "2011.11.24"]
[SourceQuality "1"]

1. e4 c5 2. c3 d6 3. Nf3 Nf6 4. e5 dxe5 5. Nxe5 Nbd7 6. Nxd7 Bxd7 7. d4 cxd4 8. Qxd4 Bc6 9. Be3 a6 10. Nd2 e6 11. 0-0-0 Qxd4 12. Bxd4 Be7 13. f3 0-0 14. Bd3 Rfd8 15. Rhe1 Nd5 16. Bc2 Nf6 17. Ne4 Nxe4 18. Bxe4 Bxe4 19. Rxe4 Bg5+ 20. Be3 Bxe3+ 21. Rxe3 Kf8 22. Red3 Ke7 23. Kc2 Rxd3 24. Rxd3 Rc8 25. Kd2 f6 26. Ke3 g5 27. g3 h5 28. f4 g4 29. Rd4 b5 30. Kd3 h4 31. Ke3 hxg3 32. hxg3 Rh8 33. Rd2 Rh3 34. Kf2 e5 35. fxe5 fxe5 36. Kg2 Rh8 37. Kf1 Rf8+ 38. Rf2 Rg8 39. Kg2 Ke6 40. Rf1 Rd8 41. Rf2 Rd3 42. Rc2 e4 43. b3 Rd1 44. Kf2 Ke5 45. c4 bxc4 46. bxc4 Rd6 47. Ke3 Rd3+ 48. Kf2 Rf3+ 49. Kg2 Rf6 50. c5 Kd5 51. a4 a5 52. Rc1 Rc6 53. Rd1+ Kxc5 54. Kf2 Kb4 55. Ke3 Kxa4 56. Rd4+ Kb3 57. Rxe4 Rc3+ 58. Kf2 a4 59. Rxg4 a3 60. Rg8 a2 61. Rb8+ Kc2 62. Ra8 Kb2 63. Kg2 a1Q 64. Rxa1 Kxa1 65. Kh3 Rc8 66. Kh4 Rh8+ 67. Kg5 Rg8+ 68. Kf4 Kb2 69. g4 Rf8+ 70. Kg5 Rf1 71. Kg6 Kc3 72. g5 Kd4 73. Kg7 Ke5 74. g6 Ke6 75. Kh8 Rg1 76. g7 Kf7 0-1

[Event "AUS-ch U12 op"]
[Site "Sandy Bay"]
[Date "2010.01.18"]
[Round "5"]
[White "Jack, Martin"]
[Black "Mason, Stuart"]
[Result "1/2-1/2"]
[WhiteElo "1349"]
[BlackElo "1218"]
[PlyCount "106"]
[EventDate "2010.01.14"]
[EventType "swiss"]
[EventRounds "11"]
[EventCountry "AUS"]
[SourceTitle "EXT 2011"]
[Source "ChessBase"]
[SourceDate "2010.11.26"]
[SourceVersion "1"]
[SourceVersionDate "2010.11.26"]
[SourceQuality "1"]

1. e4 e5 2. Nf3 Nc6 3. d4 exd4 4. Nxd4 Nf6 5. Nc3 Bb4 6. Nxc6 bxc6 7. Bd3 d5 8. exd5 cxd5 9. 0-0 0-0 10. Bg5 c6 11. Na4 Bd6 12. c3 Be6 13. Qc2 Bxh2+ 14. Kh1 Bd6 15. Bxh7+ Kh8 16. Bf5 Qd7 17. Bxe6 Qxe6 18. Bxf6 Qxf6 19. Qd3 Qh4+ 20. Qh3 Qxh3+ 21. gxh3 g6 22. Kg2 Kg7 23. Rfe1 Rfe8 24. b4 Re6 25. Kf1 Rae8 26. a3 Rxe1+ 27. Rxe1 Rxe1+ 28. Kxe1 Kf6 29. Nb2 Kg5 30. Kf1 Be5 31. Nd1 Kf4 32. Ke2 Kg5 33. Kf3 Kh4 34. Kg2 f5 35. a4 a6 36. a5 g5 37. f3 f4 38. Kh2 Bd6 39. Nb2 d4 40. cxd4 Bxb4 41. Nd3 Bxa5 42. Nc5 Bc3 43. Nxa6 Bxd4 44. Nb4 c5 45. Nc2 Be3 46. Kg2 c4 47. Kh2 c3 48. Kg2 Kh5 49. Kf1 Kg6 50. Ke2 Kf5 51. Kd3 Bd2 52. Ke2 Ke6 53. Kd3 Ke5 1/2-1/2

[Event "AUS-ch U12"]
[Site "Adelaide"]
[Date "2009.01.09"]
[Round "8"]
[White "Jack, Martin"]
[Black "Thomas, Caleb"]
[Result "1-0"]
[WhiteElo "1314"]
[BlackElo "845"]
[PlyCount "121"]
[EventDate "2009.01.02"]
[EventType "swiss"]
[EventRounds "11"]
[EventCountry "AUS"]
[SourceTitle "CBM 128 Extra"]
[Source "ChessBase"]
[SourceDate "2009.03.05"]
[SourceVersion "2"]
[SourceVersionDate "2009.03.25"]
[SourceQuality "1"]

1. e4 e5 2. Nf3 Nf6 3. Nc3 Nc6 4. d4 exd4 5. Nxd4 Be7 6. Bc4 0-0 7. Bb3 d6 8. 0-0 Re8 9. Nxc6 bxc6 10. Re1 Bb7 11. Bf4 Bf8 12. Qe2 Nd7 13. Qf3 Qf6 14. Qg3 Qg6 15. Qxg6 hxg6 16. f3 Nc5 17. Bc4 Bc8 18. Ne2 Be6 19. b4 Bxc4 20. bxc5 f6 21. Nd4 d5 22. Nxc6 Bxc5+ 23. Be3 Bxe3+ 24. Rxe3 dxe4 25. Rxe4 Rxe4 26. fxe4 a6 27. Kf2 Bb5 28. Nd4 Kf7 29. Nxb5 axb5 30. Ke3 Ke6 31. Kd4 Rd8+ 32. Kc5 Rd2 33. Kxb5 Rxc2 34. a4 Rb2+ 35. Kc6 Rc2+ 36. Kb7 c5 37. a5 Rb2+ 38. Kc7 Rd2 39. a6 Rd7+ 40. Kb6 Rd6+ 41. Kxc5 Kd7 42. a7 Rc6+ 43. Kd4 Rc8 44. a8Q Rxa8 45. Rxa8 Ke7 46. Ra7+ Kf8 47. Kd5 Kg8 48. e5 fxe5 49. Kxe5 Kh7 50. Ra3 g5 51. Kf5 g6+ 52. Kxg5 Kg7 53. Ra7+ Kf8 54. Kxg6 Ke8 55. h4 Kd8 56. h5 Kc8 57. h6 Kb8 58. Re7 Kc8 59. h7 Kd8 60. Kf6 Kc8 61. h8Q# 1-0